LEADER 01075nam a2200253 i 4500 001 000000049402 003 CaOOAMICUS 005 20070406000000.0 008 070406s1992 it u000 u ita u 013 $a20572 040 $aSeMil$bita 100 1 $aCarraroli Facin, Mariagrazia <1940->.$0(OLS)http://semarc/name/24469 245 10$aD'una promessa /$cMariagrazia Carraroli Facin, Achille Abramo Saporiti ; introduzione di Gianfranco Ravasi. 260 $aTreviso :$bSanti Quaranta,$c1992. 300 $a89 p. ;$c22 cm. 490 0 $aIl rosone ;$v3 700 1 $aSaporiti, Achille Abramo <1937->.$0(OLS)http://semarc/name/24470 700 1 $aRavasi, Gianfranco,$c.$0(OLS)http://semarc/name/244 830 3$aIl rosone ;$v3.$0(OLS)http://semarc/title/23223 850 $aSeMil 852 $aSeMil$W1$xVenegono$y1$m1B IV 51$j15557$B15557$CSeMilBibl$Z2$F15557 $81 961 $aOmaggio: Martini Card. Carlo Maria 996 $6245$aD'una promessa$9(OLS)http://semarc/title/75103 996 $6260$aTreviso :$bSanti Quaranta$9(OLS)http://semarc/publisher/34562 LEADER 00422nab a2200145 i 4500 001 000000276318 003 CaOOAMICUS 005 20180831165031.0 008 180831n xx uu u0 0und r 013 $a25927 040 $aSeMil$bita 245 10$a[vedi periodico]. 500 $aJuin 2011. 773 0 $t[2011.$dQuébec (Canada) : Université Laval, copyr. 2011.$w()208298 996 $6245$a[vedi periodico]$9(OLS)http://semarc/title/309439